[Event "Barcelona Sant Marti rapid op 6th"]
[Site "Barcelona"]
[Date "2015.09.19"]
[Round "2.4"]
[White "Lloveras Espin, Josep"]
[Black "Ezquerro Luque, Albert"]
[Result "0-1"]
[WhiteElo "2109"]
[BlackElo "2288"]
[PlyCount "56"]
[EventDate "2015.09.19"]
[EventType "swiss (rapid)"]
[EventRounds "9"]
[EventCountry "ESP"]
[SourceTitle "EXT 2024"]
[Source "ChessBase"]
[SourceDate "2023.10.10"]
[SourceVersion "1"]
[SourceVersionDate "2023.10.10"]
[SourceQuality "1"]

1. e4 e5 2. Nf3 Nc6 3. Bb5 a6 4. Ba4 d6 5. 0-0 Bd7 6. c3 g6 7. Re1 Bg7 8. d3 Nge7 9. Nbd2 0-0 10. Nf1 h6 11. Ne3 f5 12. exf5 gxf5 13. Kh1 f4 14. Bb3+ Kh8 15. Nd5 Ng6 16. d4 Bg4 17. Bc2 Nh4 18. Be4 exd4 19. Bxf4 Ne5 20. cxd4 Nexf3 21. gxf3 Bh5 22. Rg1 c6 23. Rxg7 Kxg7 24. Qg1+ Kh8 25. Bxh6 Rg8 26. Qc1 cxd5 27. Qf4 dxe4 28. Bf8 Bxf3+ 0-1

[Event "Barcelona Sant Marti rapid op 6th"]
[Site "Barcelona"]
[Date "2015.09.19"]
[Round "5.3"]
[White "Lloveras Espin, Josep"]
[Black "Minguez Rodriguez, Raul"]
[Result "1/2-1/2"]
[WhiteElo "2109"]
[BlackElo "2280"]
[PlyCount "76"]
[EventDate "2015.09.19"]
[EventType "swiss (rapid)"]
[EventRounds "9"]
[EventCountry "ESP"]
[SourceTitle "EXT 2024"]
[Source "ChessBase"]
[SourceDate "2023.10.10"]
[SourceVersion "1"]
[SourceVersionDate "2023.10.10"]
[SourceQuality "1"]

1. e4 e5 2. Nf3 Nc6 3. Bb5 f5 4. Nc3 fxe4 5. Nxe4 Nf6 6. Nxf6+ Qxf6 7. Qe2 Be7 8. Bxc6 dxc6 9. Nxe5 0-0 10. 0-0 Bf5 11. d3 Rae8 12. f4 Bd6 13. d4 Kh8 14. Be3 c5 15. Rf2 cxd4 16. Bxd4 Bxe5 17. Bxe5 Qb6 18. Qc4 Re7 19. Bd4 Re4 20. Bxb6 Rxc4 21. Ba5 Bxc2 22. Rc1 Bd3 23. Rxc4 Bxc4 24. b3 Bb5 25. Bxc7 Rc8 26. Rd2 Kg8 27. Rd8+ Rxd8 28. Bxd8 Kf7 29. Kf2 Ke6 30. Ke3 Kd5 31. Be7 Bd7 32. Bf8 g6 33. Be7 Bf5 34. Bf6 h5 35. a3 a6 36. Be5 Bc2 37. b4 Be4 38. g3 Bf5 1/2-1/2